Southern African journal of anaesthesia and analgesia

Detalles Bibliográficos
Título anterior:South African journal of anaesthesiology and analgesia
Autor Corporativo: South African Society of Anaesthesiologists
Formato: Electrónico Revista
Lenguaje:inglés
Publicado: Parklands, Johannesburg : Glenbarr Publications, 1995-
Materias:
Acceso en línea:Full text available from Research Library: 12/01/2018 to present

MARC

LEADER 00000nas a2200000 i 4500
001 ssj0001342524
003 WaSeSS
005 20200512172242.0
006 m d
007 cr n
008 021008c19959999sa br p s 0 0eng c
010 |a  2014247813 
022 |a 2220-1173  |l 2220-1181  |y 2220-1181 
035 |a (WaSeSS)ssj0001342524 
037 |b In House Publications, P.O. Box 412748, Craighall, 2024, Johannesburg, South Africa 
040 |a OH#  |b eng  |e pn  |c OH#  |d SYB  |d OCLCO  |d OCLCQ  |d OCLCF  |d PFM  |d OCLCQ  |d LND  |d SZT  |d P4A  |d OCLCO  |d UAB  |d OCLCO  |d U3W  |d OCLCO  |d AU@  |d OCLCO  |d LVT  |d OCLCO  |d VT2  |d OCLCO  |d CNTRU  |d OCLCO  |d WaSeSS 
042 |a pcc 
210 0 |a South. Afr. j. anaesth. analg. 
222 0 |a Southern African journal of anaesthesia and analgesia 
245 0 0 |a Southern African journal of anaesthesia and analgesia  |h [electronic resource]. 
246 3 0 |a SAJAA 
260 |a Parklands, Johannesburg :  |b Glenbarr Publications,  |c 1995- 
310 |a Bimonthly 
362 1 |a Began in 1995? 
506 |a License restrictions may limit access. 
550 |a The official journal of the South African Society of Anaesthesiologists. 
588 |a Description based on: Vol. 8, no. 1 (2002); title from journal homepage (publisher's Web site, viewed December 19, 2014). 
588 |a Latest issue consulted: Vol. 20, no. 5 (2014) (viewed December 19, 2014). 
650 0 |a Anesthesia  |v Periodicals. 
650 0 |a Analgesia  |v Periodicals. 
650 7 |a Analgesia.  |2 fast  |0 (OCoLC)fst00808269 
650 7 |a Anesthesia.  |2 fast  |0 (OCoLC)fst00808644 
650 2 |a Anesthesia. 
650 2 |a Analgesia. 
653 |a Sabinet African ePublications (SA ePublications) 
655 0 |a Electronic journals. 
710 2 |a South African Society of Anaesthesiologists. 
776 0 8 |i Print version:  |t Southern African journal of anaesthesia and analgesia  |x 1027-9148  |w (OCoLC)868238640 
780 0 0 |a South African journal of anaesthesiology and analgesia 
856 4 0 |z Full text available from Research Library: 12/01/2018 to present  |u https://search.proquest.com/publication/3934962